|
|
|
|
| LEADER |
00000ny a22000003n 4500 |
| 005 |
20110606151047.0 |
| 008 |
971215s1993 sp s 000 0 spa c |
| 017 |
|
|
|a D.L. M17535-1993
|
| 020 |
|
|
|a 9788471302168
|
| 020 |
|
|
|a 9788471307774
|
| 035 |
|
|
|a 675
|
| 040 |
|
|
|a UCM.DER
|d vLex
|
| 080 |
|
|
|a 347(460)
|
| 090 |
|
|
|c 509
|d 509
|
| 245 |
0 |
0 |
|a Comentarios al Cd̤igo civil y compilaciones forales
|h [Recurso electrn̤ico]
|c dirigidos por Manuel Albaladejo, Silvia Da̕z Alabart
|
| 256 |
|
|
|a Servicio en ln̕ea
|
| 260 |
|
|
|a [Madrid] :
|b EDERSA,
|c D.L. 1993
|
| 300 |
|
|
|a XIII, 545 p. ;
|c 23 cm
|
| 500 |
|
|
|a Precede al tt̕.: Revista de Derecho Privado
|
| 505 |
0 |
|
|t Tomo VI, Artc̕ulos 430 a 466 /
|r comentados por Antonio Martn̕ Přez
|
| 506 |
1 |
|
|a Contenido solo disponible en los productos indicados
|d vLex Global
|d vLex Global (Academic Edition, excluding Law Schools)
|d vLex Global (U.S. Academic Edition, Law Schools)
|d vLex Global (U.S. Academic Edition, excluding Law Schools)
|d vLex Global (Academic Edition, Law Schools)
|
| 650 |
0 |
7 |
|a Civil
|2 Tesauro vLex
|
| 650 |
0 |
7 |
|a Cd̤igo civil
|2 Tesauro vLex
|
| 650 |
0 |
7 |
|a Posesin̤
|2 Tesauro vLex
|
| 650 |
0 |
7 |
|a Inmobiliario y registral
|2 Tesauro vLex
|
| 700 |
1 |
|
|a Albaladejo Garca̕, Manuel,
|e dir
|
| 700 |
1 |
|
|a Da̕z Alabart, Silvia,
|e dir
|
| 700 |
1 |
|
|a Martn̕ Přez, Antonio,
|e com
|
| 740 |
0 |
|
|a vLex Libros (Servicios en ln̕ea)
|
| 856 |
4 |
0 |
|u http://vlex.com/source/675
|z Acceso restringido
|
| 942 |
|
|
|c BOOK
|
| 999 |
0 |
|
|a Civil Law
|b Madrid
|